| 000 | 00368 a2200157 4500 | ||
|---|---|---|---|
| 001 | 156747 | ||
| 020 | _a9788578250805 | ||
| 040 | _cEscola São Tomás de Aquino | ||
| 100 | _aROSA, Luiz Inácio da | ||
| 240 | 1 | 0 |
_aViagens turísticas _lpor |
| 245 | 1 | 0 | _aViagens turísticas |
| 300 | _a632 | ||
| 362 | 0 | _a2017 | |
| 697 | _aGEOGRAFIA GERAL / VIAGENS | ||
| 942 | _cBK | ||
| 999 |
_c156747 _d156747 |
||